000 00642nam a2200193Ia 4500
003 GCL
008 140319s9999 xx 000 0 ara d
040 _aGCL /
_cGCL
082 0 4 _aق
_b916.2
_bم ر
100 1 _aمحمد مسعود
245 1 0 _aالرحلة الاولى للبحث عن ينابيع البحر الابيض (النيل الابيض) /
_cمحمد مسعود
260 _a[S.N] :
_bمكتبة مدبولى ،
_c1993
300 _a89 ص
490 _aصفحات من تاريخ مصر
_v0
650 0 4 _aمصر
650 0 4 _aالبعثات الاستكشافية
650 0 4 _aالنيل الابيض
942 _2ddc
_cBK
999 _c52994
_d52994